header

Memories of 1968 (Record no. 214203)

MARC details
000 -LEADER
fixed length control field 03035nam a2200409 a 4500
082 04 - DEWEY DECIMAL CLASSIFICATION NUMBER
Classification number 909.82/6
245 00 - TITLE STATEMENT
Title Memories of 1968
260 ## - PUBLICATION, DISTRIBUTION, ETC. (IMPRINT)
Place of publication Oxford ;
-- New York :
Name of publisher Peter Lang,
Year of publication c2010.
300 ## - PHYSICAL DESCRIPTION
Number of Pages ix, 386 p.
500 ## - GENERAL NOTE
General note The papers collected in this volume are selected from the proceedings of a conference entitled 'Memories of 1968: International Perspectives' that was held at the University of Leeds in 2008.
505 0# - FORMATTED CONTENTS NOTE
Formatted contents note Introduction: 1968 in memory and place / Sarah Waters -- Revisiting the revolution: 1968 in transnational cultural memory / Martin Klimke -- Memories of 1968 in France: reflections on the 40th anniversary / Daniel A. Gordon -- Hitler's children?: the German 1968 movement in the shadow of the Nazi past / Wolfgang Kraushaar -- Looking back on Italy's 'Long "68"'. Public, private and divided memories / John Foot -- United States of amnesia?: 1968 in the USA / Timothy S. Brown -- Mexico 1968: a crisis of national identity / Claire Brewster -- May 1968: an unclassified affair / Daniel Bensaid -- Transnational memories: 1968 in recent German fiction / Susanne Rinner -- An oral history of memories of 1968 in Italy / Stuart J. Hilwig -- Memory and revisionism: the Chinese cultural revolution on the Internet / Lan Yang -- Utopian moments: memory culture and cultural memory of the German student movement / Ingo Cornils -- Reading Mexico 1968: literature, memory and politics / Irene Fenoglio-Limon -- Have the best ideas stood the test of time?: negotiating the legacy of '1968' in The edukators / Chris Homewood -- 1968 in an Italian province: memory and the everyday life of a new left group in Macerata / Sofia Serenelli-Messenger.
650 #0 - SUBJECT ADDED ENTRY--TOPICAL TERM
Topical Term Nineteen sixty-eight, A.D.
Topical Term Nineteen sixty-eight, A.D.
Topical Term Social change
Topical Term Social history
Topical Term Collective memory
700 1# - ADDED ENTRY--PERSONAL NAME
Personal name Cornils, Ingo.
Personal name Waters, Sarah,
856 40 - ELECTRONIC LOCATION AND ACCESS
Uniform Resource Identifier http://site.ebrary.com/lib/rucke/Doc?id=10600408

No items available.

© 2026 Rongo University
Contact us: librarian | system librarian | Rongo university